| 000 | 00459nam a22001817a 4500 | ||
|---|---|---|---|
| 942 | _cBK | ||
| 999 |
_c641 _d641 |
||
| 005 | 20250420134819.0 | ||
| 008 | 200816b ||||| |||| 00| 0 eng d | ||
| 020 | _a9780199642991 | ||
| 040 | _cKCST | ||
| 082 |
_a658 _bCo In |
||
| 100 |
_aCombe, Colin _95160 |
||
| 245 |
_aIntroduction to management / _cColin Combe |
||
| 260 |
_aOxford : _bOxford University Press, _c2014. |
||
| 300 | _a624 p. | ||
| 650 |
_a Management. _9378 |
||
| 942 | _2ddc | ||